|
|
|
|
| LEADER |
00000nam a2200000 a 4500 |
| 001 |
vtls009957613 |
| 003 |
SK-MaSNL |
| 005 |
20260302010824.0 |
| 008 |
240318s2005 xxco g f 001 0 eng |
| 020 |
|
|
|a 1554070775
|q (viaz.)
|
| 040 |
|
|
|a SNK
|b slo
|c SNK
|e AACR2
|
| 041 |
0 |
|
|a eng
|
| 043 |
|
|
|a n------
|
| 044 |
|
|
|a xxc
|c CA
|
| 072 |
|
7 |
|a 59
|x Zoológia
|2 konspekt
|
| 080 |
|
|
|a 599.742.21
|2 2001
|
| 080 |
|
|
|a 591
|2 2001
|
| 080 |
|
|
|a (7)
|2 2001
|
| 080 |
|
|
|a (084.11)
|2 2001
|
| 100 |
1 |
|
|a Breiter, Matthias
|4 aut
|9 650440
|
| 245 |
1 |
0 |
|a Bears
|c Matthias Breiter
|
| 260 |
|
|
|a Willowdale, Ont.
|b Firefly
|c 2005
|
| 300 |
|
|
|a 176 s.
|b fareb. fotogr.
|c 29 cm
|
| 504 |
|
|
|a Obsahuje bibliografické odkazy a reg.
|
| 650 |
0 |
7 |
|a medvede
|2 SNKPH
|9 16764
|
| 650 |
0 |
7 |
|a fauna
|2 SNKPH
|9 3748
|
| 650 |
0 |
7 |
|a správanie živočíchov
|2 SNKPH
|9 73676
|
| 651 |
|
7 |
|a Severná Amerika
|2 SNKPHgeo
|9 22757
|
| 655 |
|
7 |
|a obrazové publikácie
|2 SNKPH
|9 70343
|
| 919 |
|
|
|a 1-55407-077-5
|
| 999 |
|
|
|c 1003920
|d 1005850
|
| 952 |
|
|
|a SNK
|b SNK
|y VYP
|7 0
|p 17A0640066
|o snkIB 72096
|i snk2009/22256
|8 2
|g 22.00
|0 0
|1 0
|4 0
|d 2009-10-07
|l 0
|r 2026-02-24 12:28:30
|w 2026-02-24
|